[Event "Regionalliga NW 9798"]
[Site "Bayern"]
[Date "1997.??.??"]
[Round "?.5"]
[White "Weber, Dietmar"]
[Black "Schkurenko, Kirill"]
[Result "1-0"]
[WhiteElo "1960"]
[BlackElo "2055"]
[PlyCount "65"]
[EventDate "1997.10.??"]
[EventType "team-tourn"]
[EventRounds "9"]
[EventCountry "GER"]
[SourceTitle "EXT 2020"]
[Source "ChessBase"]
[SourceDate "2019.10.17"]
[SourceVersion "1"]
[SourceVersionDate "2019.10.17"]
[SourceQuality "1"]
[WhiteTeam "Neustadt SV"]
[BlackTeam "Bamberg SC III"]
[WhiteTeamCountry "GER"]
[BlackTeamCountry "GER"]

1. d4 Nf6 2. Nc3 d5 3. f3 e6 4. Bg5 c5 5. e4 cxd4 6. Qxd4 Nc6 7. Bb5 a6 8. Bxc6+ bxc6 9. e5 c5 10. Qh4 Qb6 11. Na4 Qb5 12. exf6 Bd7 13. b3 c4 14. Ne2 cxb3 15. axb3 h6 16. Nd4 Qa5+ 17. Bd2 Qc7 18. 0-0 g5 19. Qf2 Bd6 20. f4 gxf4 21. Nc3 e5 22. Ndb5 Qc6 23. Nxd6+ Qxd6 24. Ra5 d4 25. Nd5 Bc6 26. Bb4 Qd8 27. Ne7 Bb5 28. Re1 Qc7 29. Nf5 Kd7 30. Nd6 Rae8 31. Nxb5 axb5 32. Rxb5 Rhg8 33. Qf3 1-0